Legenda, religiozita, film, sen

Podrobná bibliografia
Hlavný autor: Štetina, Martin (Autor)
Ďalší autori: Dudášová, Zuzana (Prekladateľ)
Médium: Článok
Jazyk:slovenčina
Fyzický popis:Fotogr.
ISSN:1335-1893
Predmet:

MARC

LEADER 00000nab a2200000 a 4500
001 vtls000782446
003 SK-MaSNL
005 20260304113754.0
008 250429c2001 xo 0 slo
015 |a SNBRB2002/02-04986 
035 |a CLN000134162 
035 |a urn:nbn:sk:snk-ab7dos 
035 |a (uuid)fa17e02f-b9aa-4a6e-9798-0b0acc982587 
035 |a (urnnbn)urn:nbn:sk:snk:ar-a07qzh 
035 |a (sysno)vtls000782446 
040 |a SNKBUCL  |b slo  |c SNKBUCL  |e AACR2 
041 0 |a slo 
044 |a xo  |c SK 
080 |a 791.43(73):159.937  |2 1997 
080 |a 159.937  |2 1997 
100 1 |a Štetina, Martin  |4 aut  |9 1122165 
245 1 0 |a Legenda, religiozita, film, sen  |c Martin Štetina 
300 |b Fotogr. 
500 |a Resumé preložila Zuzana Dudášová 
504 |a Res. angl. 
504 |a Pozn. 
630 0 7 |a Legenda (film)  |x fikcia  |x stvárnenie  |2 snkbucl  |9 1417540 
650 0 7 |a film  |x mýtus  |x sen  |2 snkbucl  |9 1417541 
650 0 7 |a fantastika filmová  |2 snkbucl  |9 910764 
655 7 |a články z novín a časopisov  |2 snkbucl  |9 267496 
700 1 |a Dudášová, Zuzana  |4 trl  |9 297820 
773 0 |t Kino-Ikon  |g Roč. 5, č. 1 (2001), s. 113-135  |x 1335-1893 
850 |a Slovenská národná knižnica 
852 |a Slovenská národná knižnica 
954 |a odborná, vedecká literatúra pôvodná (slovenská)  |2 lita 
958 |a article2022 
958 |a US 
958 |a OND 
958 |a EUIPO 
999 |c 2870725  |d 2872655